00473nam a2200145 4500001000700000003000900007005001700016007000300033008004100036100003400077245012000111260003800231300003600269852002200305143587ES-MaACL20230906200842.0t|070214s1908 it r ||||1| ita d1 aSergi, Giuseppe (d1841-1936)10aEuropa b: l'origine dei popoli europei e loro relazioni coi popoli d'Africa, d'Asia, d'Oceania / cGiuseppe Sergi. aTorino : bVincenzo Bona, c1908. aXXII, 652 p. : bil. ; c24 cm. aES-MaACLjF-12691